Nonlinear dielectric phenomena in complex liquids (Record no. 29647)

000 -LEADER
fixed length control field 00909 a2200229 4500
020 ## - INTERNATIONAL STANDARD BOOK NUMBER
International Standard Book Number 140202259X
022 ## - INTERNATIONAL STANDARD SERIAL NUMBER
International Standard Serial Number 9781402022593
082 ## - DEWEY DECIMAL CLASSIFICATION NUMBER
Classification number 537.24
090 ## - LOCALLY ASSIGNED LC-TYPE CALL NUMBER (OCLC); LOCAL CALL NUMBER (RLIN)
-- 1029
-- 1029
100 1# - MAIN ENTRY--PERSONAL NAME
Personal name Rzoska, Sylwester J.
245 10 - TITLE STATEMENT
Title Nonlinear dielectric phenomena in complex liquids
Medium [electronic resource] /
Statement of responsibility, etc. Sylwester J. Rzoska, Vitaly Zhelezny, Sylwester J. Rzoska, Vitaly Zhelezny.
260 ## - PUBLICATION, DISTRIBUTION, ETC.
Place of publication, distribution, etc. [S.l.] :
Name of publisher, distributor, etc. Springer,
Date of publication, distribution, etc. 2004.
300 ## - PHYSICAL DESCRIPTION
Extent 1 online resource (392 p.)
490 1# - SERIES STATEMENT
Series statement Nato science series ii: mathematics, physics and chemistry.
500 ## - GENERAL NOTE
General note Kindle eBook.
700 1# - ADDED ENTRY--PERSONAL NAME
Personal name Zhelezny, Vitaly.
700 1# - ADDED ENTRY--PERSONAL NAME
Personal name Rzoska, Sylwester J.
700 1# - ADDED ENTRY--PERSONAL NAME
Personal name Zhelezny, Vitaly.
830 #0 - SERIES ADDED ENTRY--UNIFORM TITLE
Uniform title Nato science series ii: mathematics, physics and chemistry.
942 ## - ADDED ENTRY ELEMENTS (KOHA)
Institution code [OBSOLETE] SNS
Koha item type Book
Call number prefix 537.2 RZO
Holdings
Withdrawn status Lost status Damaged status Not for loan Permanent Location Current Location Date acquired Total Checkouts Full call number Barcode Date last seen Price effective from Koha item type
        School of Natural Sciences (SNS) School of Natural Sciences (SNS) 05/26/2016   537.2 RZO SNS0001212 05/26/2016 05/26/2016 Book
© 2023 Central Library, National University of Sciences and Technology. All Rights Reserved.